Publicidad y comunicación integral de marca
Spremljeno u:
| Glavni autori: | , , |
|---|---|
| Format: | Knjiga |
| Jezik: | španjolski |
| Izdano: |
Ciudad de México
Thomson
2007
|
| Izdanje: | 4a. ed |
| Teme: | |
| Oznake: |
Dodaj oznaku
Bez oznaka, Budi prvi tko označuje ovaj zapis!
|
MARC
| LEADER | 00000nam a2200000 a 4500 | ||
|---|---|---|---|
| 001 | UCI8081 | ||
| 003 | CL-VaPUC | ||
| 008 | 080807e20070000MX |||||||||||||||||spa|d | ||
| 020 | |a 9706866078 | ||
| 082 | 0 | 4 | |a 659.1 |b OGU |2 21 |
| 100 | |a O'Guinn, Thomas C. |e autor |9 531561 | ||
| 700 | 0 | |a Allen, Chris T |e author |9 531562 | |
| 700 | 0 | |a Semenik, Richard J |e author |9 531563 | |
| 245 | 1 | 0 | |a Publicidad y comunicación integral de marca |
| 250 | |a 4a. ed | ||
| 300 | |a 781 p | ||
| 942 | |c BK | ||
| 945 | |d 20080807 00:00:00 |a rbrito | ||
| 260 | |a Ciudad de México |b Thomson |c 2007 | ||
| 650 | 0 | |a Publicidad |9 314572 | |
| 650 | 0 | |a Creatividad |9 310816 | |
| 650 | 7 | |a ETICA PUBLICITARIA |2 CL-VaPUC |9 531564 | |
| 650 | 0 | |a Marketing |9 259324 | |
| 650 | 0 | |a Medios de comunicación de masas |9 257273 | |
| 650 | 0 | |a Relaciones públicas |9 331772 | |
| 583 | |a last modification |c 20080807 00:00:00 |k Rodrigo Vera | ||
| 999 | |c 331156 |d 331154 | ||
| 952 | |0 0 |1 0 |4 0 |6 659_100000000000000_OGU_2007 |7 0 |8 A |9 417318 |a BIBENE |b BIBENE |d 2019-11-22 |i 4469011 |o 659.1 OGU 2007 |p 4469011 |r 2025-01-15 |w 2019-11-22 |y BK |k ICO | ||
| 952 | |0 0 |1 0 |4 0 |6 659_100000000000000_OGU_2007 |7 0 |8 A |9 417319 |a BIBCUR |b BIBCUR |d 2019-11-22 |i 4668332 |o 659.1 OGU 2007 |p 4668332 |r 2025-04-22 |w 2019-11-22 |y BK |k PER | ||